000 00491nam a2200157 i 4500
001 105227
003 ES-MaACL
005 20230906183821.0
007 t|
008 060619s1926 sp ||||1| spa d
100 1 _aLópez Muñoz, Mariano.
_973818
245 1 4 _aLas trovas del Guadalete
_b: (predicaciones y divagaciones) /
_cMariano López Muñoz.
260 _aPuerto de Santa María :
_b[s.n.],
_c1926 (
_fTip. Luis Pérez)
300 _a154 p. ;
_c16 cm.
852 _aES-MaACL
_jF-13446
999 _c105227
_d105227